|
|
|
|
| LEADER |
01414nam a2200361 4500 |
| 001 |
DLU110121173 |
| 005 |
##20110512 |
| 040 |
# |
# |
|a DLU
|b vie
|
| 041 |
# |
# |
|a vie
|
| 044 |
# |
# |
|a vn
|
| 082 |
# |
# |
|a 373
|b Gia
|
| 245 |
# |
# |
|a Giáo dục học phổ thông /
|c Trần Thị Hương chủ biên, ... [et al].
|
| 260 |
# |
# |
|a TP. HCM :
|b Đại học Sư phạm,
|c 2011.
|
| 300 |
# |
# |
|a 177 tr. ;
|c 24 cm.
|
| 504 |
# |
# |
|a Tài liệu tham khảo: tr.176.
|
| 505 |
# |
# |
|a Chương 1. Những vấn đề chung của lý luận giáo dục -- Chương 2. Nhà trường trung học phổ thông và người giáo viên phổ thông Việt Nam -- Chương 3. Công tác chủ nhiệm lớp ở trường trung học phổ thông -- Chương 4. Hoạt động giáo dục ngoài giờ lên lớp ở trường Trung học phổ thông -- Chương 5. Kiểm tra đánh giá kết quả học tập và rèn luyện của học sinh.
|
| 653 |
# |
# |
|a Giáo dục học
|
| 700 |
# |
# |
|a Hồ Văn Liên,
|c TS.
|
| 700 |
# |
# |
|a Trần Thị Hương,
|c TS,
|e chủ biên.
|
| 700 |
# |
# |
|a Vũ Thị Sai,
|c ThS.
|
| 700 |
# |
# |
|a Võ Thị Bích Hạnh,
|c TS.
|
| 700 |
# |
# |
|a Võ Thị Hồng Trước,
|c ThS.
|
| 923 |
# |
# |
|a 05/2011
|
| 991 |
# |
# |
|a GT
|
| 992 |
# |
# |
|a 28000
|
| 994 |
# |
# |
|a DLU
|
| 900 |
# |
# |
|a True
|
| 911 |
# |
# |
|a Đào Thị Thu Huyền
|
| 925 |
# |
# |
|a G
|
| 926 |
# |
# |
|a A
|
| 927 |
# |
# |
|a SH
|
| 980 |
# |
# |
|a Thư viện Trường Đại học Đà Lạt
|